[Event "XXIII Festival A"]
[Site "Porto San Giorgio ITA"]
[Date "2011.08.28"]
[Round "9"]
[White "Chiarion, Elisa"]
[Black "De Carlo, Fabio"]
[Result "1-0"]
[WhiteElo "1964"]
[BlackElo "2044"]
[PlyCount "82"]
[EventDate "2011.08.21"]

1. e4 c5 2. Nf3 d6 3. d4 cxd4 4. Nxd4 Nf6 5. Nc3 g6 6. f3 Bg7 7. Be3 a6 8. Qd2
Nbd7 9. O-O-O b5 10. h4 h5 11. Be2 Bb7 12. a3 Rc8 13. Nb3 Qc7 14. Kb1 Nb6 15.
Na5 Ba8 16. Bf4 Nfd7 17. Na2 Na4 18. b4 Nc3+ 19. Nxc3 Bxc3 20. Qc1 Nb6 21. Rd3
Na4 22. Bd2 Bg7 23. Rb3 d5 24. f4 dxe4 25. c4 Qd6 26. c5 Qe5 27. Rhh3 e3 28.
Rhxe3 Be4+ 29. Bd3 Qa1+ 30. Kc2 Qa2+ 31. Kd1 Qxb3+ 32. Nxb3 Nb2+ 33. Ke2 Bxd3+
34. Rxd3 Nxd3 35. Kxd3 O-O 36. Bc3 Rcd8+ 37. Ke2 e5 38. c6 e4 39. Bxg7 Kxg7 40.
Qc3+ Kg8 41. Nc5 Rfe8 1-0

[Event "XXIII Festival A"]
[Site "Porto San Giorgio ITA"]
[Date "2011.08.28"]
[Round "9"]
[White "Ciampi, Vincenzo"]
[Black "Foglia, Maurizio"]
[Result "1/2-1/2"]
[WhiteElo "2101"]
[BlackElo "2213"]
[PlyCount "99"]
[EventDate "2011.08.21"]

1. d4 d5 2. c4 c6 3. Nf3 Nf6 4. e3 a6 5. Qc2 g6 6. Bd3 Bg7 7. b3 O-O 8. O-O c5
9. Bb2 Nc6 10. a3 cxd4 11. Nxd4 Ne5 12. Be2 dxc4 13. bxc4 Qc7 14. h3 Bd7 15.
Nd2 Rac8 16. Qb3 Nc6 17. Rac1 e5 18. Nxc6 Bxc6 19. c5 Nd7 20. Bg4 h5 21. Bxd7
Qxd7 22. Qb4 Rfd8 23. Nc4 Qd5 24. f3 Qd3 25. Rfe1 Rc7 26. Bxe5 Bxe5 27. Nxe5
Qd5 28. Nxc6 Qxc6 29. Qb6 Qxb6 30. cxb6 Rxc1 31. Rxc1 Rd6 32. Rc3 Rxb6 33. Kf2
h4 34. f4 Kg7 35. Kf3 f5 36. e4 fxe4+ 37. Kxe4 Rb2 38. Kf3 b5 39. g3 hxg3 40.
Kxg3 a5 41. Kg4 a4 42. h4 Rb1 43. Rc7+ Kh6 44. Rc5 Rg1+ 45. Kf3 Ra1 46. Rxb5
Rxa3+ 47. Kg2 Ra1 48. f5 gxf5 49. Rxf5 Rb1 50. Ra5 1/2-1/2

[Event "XXIII Festival A"]
[Site "Porto San Giorgio ITA"]
[Date "2011.08.28"]
[Round "9"]
[White "Consalvo, Gerardo"]
[Black "Rinaudo, Sergio"]
[Result "0-1"]
[WhiteElo "2012"]
[BlackElo "2144"]
[PlyCount "40"]
[EventDate "2011.08.21"]

1. e4 e5 2. Bc4 Nf6 3. d4 exd4 4. Nf3 Nxe4 5. O-O d5 6. Re1 Be7 7. Bxd5 Qxd5 8.
Nc3 Nxc3 9. bxc3 Nc6 10. cxd4 O-O 11. c4 Qxc4 12. d5 Bf6 13. dxc6 Bxa1 14. Ba3
Bf6 15. Bxf8 Kxf8 16. Ne5 Qb5 17. a4 Qb4 18. Qe2 Bxe5 19. Qxe5 Be6 20. Rd1 Qxa4
0-1

[Event "XXIII Festival A"]
[Site "Porto San Giorgio ITA"]
[Date "2011.08.28"]
[Round "9"]
[White "Cornaggia, Ranieri"]
[Black "Boscolo, Federico"]
[Result "0-1"]
[WhiteElo "2079"]
[BlackElo "2210"]
[PlyCount "98"]
[EventDate "2011.08.21"]

1. e4 c5 2. Nf3 d6 3. d4 cxd4 4. Nxd4 Nf6 5. f3 g6 6. c4 Bg7 7. Be3 Nc6 8. Nc3
O-O 9. Qd2 Bd7 10. Be2 a6 11. O-O Rc8 12. Rac1 Re8 13. Rfd1 Qa5 14. b3 Kh8 15.
Nd5 Qxd2 16. Rxd2 Nxd5 17. exd5 Nxd4 18. Bxd4 Bxd4+ 19. Rxd4 a5 20. Re1 Kg7 21.
Re4 Rc7 22. Bf1 Bf5 23. R4e3 g5 24. g4 Bg6 25. h4 gxh4 26. f4 h5 27. gxh5 Bxh5
28. Rh3 Bg6 29. Rxh4 Rh8 30. Rxh8 Kxh8 31. Kf2 Kg7 32. Bh3 Kf6 33. Kf3 a4 34.
Re2 axb3 35. axb3 b5 36. Rb2 Bd3 37. Ke3 bxc4 38. bxc4 Bxc4 39. Rc2 Ra7 40.
Rxc4 Ra3+ 41. Ke4 Rxh3 42. Rc7 Rh1 43. Kf3 Rd1 44. Ke4 Re1+ 45. Kf3 Kf5 46. Rc4
Rd1 47. Rc7 Rxd5 48. Ke2 Rd4 49. Ke3 Re4+ 0-1

[Event "XXIII Festival A"]
[Site "Porto San Giorgio ITA"]
[Date "2011.08.28"]
[Round "9"]
[White "Cristiani, Cesare"]
[Black "Di Lascio, Savino"]
[Result "0-1"]
[WhiteElo "2158"]
[BlackElo "1982"]
[PlyCount "136"]
[EventDate "2011.08.21"]

1. d4 Nf6 2. c4 c5 3. d5 b5 4. cxb5 a6 5. Nc3 g6 6. e3 d6 7. a4 axb5 8. Bxb5+
Bd7 9. Qd3 Bg7 10. Ra3 O-O 11. Nf3 Qc7 12. e4 Rc8 13. O-O Ne8 14. Bc4 Qd8 15.
Bf4 Nc7 16. e5 Nba6 17. exd6 exd6 18. Qd2 Qf8 19. Nb5 Nxb5 20. axb5 Nb4 21.
Rfa1 Rab8 22. Ra5 Rb6 23. R1a4 Rcb8 24. Rxb4 cxb4 25. Qxb4 Bh6 26. Bg3 f5 27.
Bh4 Qe8 28. Bf6 Bxb5 29. Bd4 R6b7 30. Bxb5 Rxb5 31. Rxb5 Rxb5 32. Qxd6 Qe4 33.
Qd8+ Bf8 34. h4 Qe7 35. Qa8 Qd6 36. Qa7 Rxd5 37. Ng5 Qd7 38. Qa2 h6 39. Nf3 Kh7
40. Qa8 Bg7 41. Bxg7 Kxg7 42. Qa2 Rd1+ 43. Kh2 Qc7+ 44. g3 Qb7 45. Qe6 Qe4 46.
Qe5+ Qxe5 47. Nxe5 Rd2 48. Kg2 Rxb2 49. Nd3 Rd2 50. Nf4 Kf6 51. Kf3 Ra2 52.
Nd5+ Ke5 53. Nf4 Ra3+ 54. Kg2 Ra6 55. Nd3+ Kd4 56. Nf4 Ke4 57. Nh3 Rf6 58. Nf4
g5 59. hxg5 hxg5 60. Nh3 Rg6 61. Ng1 Rh6 62. Nf3 g4 63. Nd2+ Kd3 64. Nf1 Re6
65. Nh2 Kd2 66. Nf1+ Ke1 67. Ne3 Rxe3 68. fxe3 Ke2 0-1

[Event "XXIII Festival A"]
[Site "Porto San Giorgio ITA"]
[Date "2011.08.28"]
[Round "9"]
[White "Della Sala, Bruno"]
[Black "Ottaviani, Gianluca"]
[Result "1-0"]
[WhiteElo "1818"]
[BlackElo "1949"]
[PlyCount "53"]
[EventDate "2011.08.21"]

1. e4 e5 2. Nf3 Nc6 3. d4 exd4 4. Nxd4 Nf6 5. Nxc6 bxc6 6. e5 Qe7 7. Qe2 Nd5 8.
c4 Ba6 9. b3 O-O-O 10. g3 g5 11. Bb2 Bg7 12. Bg2 Rde8 13. O-O h5 14. Re1 h4 15.
Qd2 Nb6 16. Qa5 Kb7 17. Nd2 hxg3 18. hxg3 Bf8 19. a3 f5 20. exf6 Qxe1+ 21. Rxe1
Rxe1+ 22. Nf1 Rb1 23. Qe5 Bxc4 24. bxc4 Nxc4 25. Qe4 Rxf1+ 26. Bxf1 Nxb2 27.
Qc2 1-0

[Event "XXIII Festival A"]
[Site "Porto San Giorgio ITA"]
[Date "2011.08.28"]
[Round "9"]
[White "Di Mantino, Mauro"]
[Black "Mantovani, Enrico"]
[Result "1-0"]
[WhiteElo "1954"]
[BlackElo "1758"]
[PlyCount "71"]
[EventDate "2011.08.21"]

1. d4 Nf6 2. Nf3 e6 3. Bf4 d5 4. e3 c5 5. c3 Nc6 6. Bd3 Bd7 7. Nbd2 a6 8. O-O
Rc8 9. a4 Na5 10. dxc5 Nh5 11. Bg5 Nf6 12. e4 Be7 13. e5 Nh5 14. Bxe7 Qxe7 15.
b4 Nc6 16. Re1 Nf4 17. Bf1 g5 18. Nd4 h5 19. N2b3 g4 20. Qd2 Ng6 21. Nxc6 Bxc6
22. b5 axb5 23. axb5 Bd7 24. Ra7 Rc7 25. b6 Rc8 26. Rxb7 h4 27. c6 Rxc6 28. Bb5
Qd8 29. Bxc6 Bxc6 30. Rc7 Bb5 31. Qd4 g3 32. Qc5 gxh2+ 33. Kh1 Bd7 34. b7 Rg8
35. Rc8 Bxc8 36. bxc8=Q 1-0

[Event "XXIII Festival A"]
[Site "Porto San Giorgio ITA"]
[Date "2011.08.28"]
[Round "9"]
[White "Di Martino, Antonio"]
[Black "Bonghi, Alessandro"]
[Result "0-1"]
[WhiteElo "1841"]
[BlackElo "1939"]
[PlyCount "85"]
[EventDate "2011.08.21"]

1. e4 c5 2. Nf3 Nc6 3. d4 cxd4 4. Nxd4 e6 5. Nb5 d6 6. c4 a6 7. N5c3 Be7 8. Bd3
Nf6 9. O-O O-O 10. Be3 Ne5 11. Be2 Bd7 12. Nd2 Bc6 13. f4 Ng6 14. Qe1 d5 15. e5
d4 16. exf6 Bxf6 17. Nde4 dxe3 18. Rd1 Bd4 19. b3 Qb6 20. Kh1 Rad8 21. f5 exf5
22. Rxf5 Qb4 23. Nd5 Qxe1+ 24. Rxe1 Rfe8 25. Nec3 Re5 26. Rxe5 Bxe5 27. Rd1 Re8
28. Rd3 Bf4 29. g3 Bh6 30. Kg1 f5 31. Nd1 f4 32. gxf4 Nxf4 33. Nxf4 Bxf4 34. h3
g6 35. Nc3 Kf7 36. Nd5 Bg5 37. Kf1 Bd7 38. Kg2 Bf5 39. Rc3 Be4+ 40. Kg1 Bf5 41.
Kg2 Re4 42. Kg3 Rh4 43. Bf1 0-1

[Event "XXIII Festival A"]
[Site "Porto San Giorgio ITA"]
[Date "2011.08.28"]
[Round "9"]
[White "Di Misa, Salvatore"]
[Black "Maksimovic, Miodrag"]
[Result "1-0"]
[WhiteElo "1957"]
[BlackElo "2068"]
[PlyCount "71"]
[EventDate "2011.08.21"]

1. e4 e6 2. d4 d5 3. e5 c5 4. c3 Nc6 5. Nf3 Qb6 6. Bd3 Bd7 7. O-O cxd4 8. cxd4
Nxd4 9. Nbd2 Ne7 10. Nxd4 Qxd4 11. Nf3 Qb6 12. Be3 Qc7 13. Rc1 Qd8 14. Bc5 Ng6
15. Bd4 Be7 16. Bb1 a6 17. Bc3 b5 18. Bd4 b4 19. g3 f5 20. exf6 Bxf6 21. Bxg6+
hxg6 22. Ne5 Rh6 23. Re1 Kf8 24. Bc5+ Kg8 25. Qg4 Bxe5 26. Rxe5 Qc7 27. Ree1 e5
28. Qxb4 Rb8 29. Qa3 Qb7 30. Rxe5 Qxb2 31. Qxb2 Rxb2 32. Re7 Bf5 33. Bd4 Rb1
34. Rxg7+ Kf8 35. Rxb1 Bxb1 36. Rb7 1-0

[Event "XXIII Festival A"]
[Site "Porto San Giorgio ITA"]
[Date "2011.08.28"]
[Round "9"]
[White "Di Pietro, Gabriele"]
[Black "Borino, Paolo"]
[Result "0-1"]
[WhiteElo "1840"]
[BlackElo "1917"]
[PlyCount "98"]
[EventDate "2011.08.21"]

1. e4 d6 2. d4 Nf6 3. Nc3 c6 4. f4 Qa5 5. Qd3 Nbd7 6. Nf3 e5 7. Bd2 Qc7 8. h3
Be7 9. O-O-O b5 10. g4 exd4 11. Qxd4 c5 12. Qe3 b4 13. Ne2 Nb6 14. Ng3 a5 15.
Nf5 Bxf5 16. exf5 c4 17. c3 Nfd5 18. Qe4 bxc3 19. Bxc3 Nxc3 20. bxc3 O-O 21. g5
d5 22. Qd4 Bc5 23. Qd2 Rfe8 24. Ne5 Ba3+ 25. Kc2 Rxe5 26. fxe5 Qxe5 27. Qd4
Qxf5+ 28. Kd2 Qxg5+ 29. Qe3 Qd8 30. Be2 Ra7 31. Rb1 Nc8 32. Rhg1 Re7 33. Qd4 g6
34. Bxc4 Bc5 35. Qd3 Bxg1 36. Rxg1 Qb6 37. Qxd5 Qxg1 38. Qd8+ Kg7 39. Qxc8 Qh2+
40. Kd1 Qe5 41. Kc2 Qf5+ 42. Qxf5 gxf5 43. Kb3 f4 44. Bf1 f3 45. Ka4 Re5 46. c4
f2 47. Bg2 f5 48. Kb3 Kf6 49. Kc3 Ke6 0-1

[Event "XXIII Festival A"]
[Site "Porto San Giorgio ITA"]
[Date "2011.08.28"]
[Round "9"]
[White "Dietrich, Stefano"]
[Black "Carletti, Davide M."]
[Result "0-1"]
[WhiteElo "1857"]
[BlackElo "1726"]
[PlyCount "58"]
[EventDate "2011.08.21"]

1. Nf3 d5 2. c4 e6 3. g3 g6 4. Bg2 Bg7 5. O-O Ne7 6. cxd5 exd5 7. Qb3 O-O 8. d4
Nbc6 9. e3 b6 10. Nc3 Ba6 11. Re1 Bc4 12. Qd1 Nb4 13. b3 Ba6 14. Bf1 Bxf1 15.
Kxf1 c5 16. a3 Nbc6 17. Bb2 cxd4 18. Nxd4 Nxd4 19. exd4 Nf5 20. Ne2 Re8 21. Qd3
Re4 22. Rad1 Rc8 23. Ng1 Qe7 24. Nf3 Re8 25. b4 Bxd4 26. Bxd4 Nxd4 27. Rxe4
dxe4 28. Qxd4 exf3 29. Qa1 Qe6 0-1

[Event "XXIII Festival A"]
[Site "Porto San Giorgio ITA"]
[Date "2011.08.28"]
[Round "9"]
[White "Fagnani, Alessandro"]
[Black "Bellincampi, Stefano"]
[Result "0-1"]
[WhiteElo "1955"]
[BlackElo "2067"]
[PlyCount "76"]
[EventDate "2011.08.21"]

1. e4 e5 2. Nf3 Nc6 3. Bc4 Nf6 4. O-O Nxe4 5. d3 Nd6 6. Bb3 Be7 7. Re1 O-O 8.
Nxe5 Nd4 9. Nc3 Nxb3 10. axb3 Nf5 11. Nd5 Re8 12. Nxf7 Kxf7 13. Qh5+ Kg8 14.
Qxf5 Bh4 15. Rxe8+ Qxe8 16. Bd2 d6 17. Qf4 Bd8 18. Re1 Qf7 19. Qd4 Bd7 20. Bc3
c6 21. Ne3 d5 22. Qe5 Bb6 23. Nd1 Rf8 24. Qg3 Bg4 25. Bb4 c5 26. Qxg4 cxb4 27.
Qe6 Qxe6 28. Rxe6 Kf7 29. Rd6 d4 30. Rd7+ Kf6 31. Rxb7 Rc8 32. Kf1 Rxc2 33. Ke1
h6 34. Rd7 g6 35. Rd5 Ke6 36. Rb5 Bc5 37. h4 h5 38. g3 Kf6 0-1

[Event "XXIII Festival A"]
[Site "Porto San Giorgio ITA"]
[Date "2011.08.28"]
[Round "9"]
[White "Franzini, Stefano"]
[Black "Maddaloni, Giovanni"]
[Result "1/2-1/2"]
[WhiteElo "1848"]
[BlackElo "1801"]
[PlyCount "67"]
[EventDate "2011.08.21"]

1. Nf3 c5 2. g3 Nc6 3. d4 cxd4 4. Nxd4 Nf6 5. Bg2 d5 6. O-O e5 7. Nxc6 bxc6 8.
c4 e4 9. Nc3 Be7 10. Bf4 O-O 11. Qb3 Bd6 12. Bxd6 Qxd6 13. Rfd1 Rb8 14. Qc2 Bf5
15. Nxe4 Qe6 16. Nxf6+ Qxf6 17. Qc3 Rxb2 18. Qxf6 gxf6 19. cxd5 cxd5 20. Rxd5
Be6 21. Ra5 Rfb8 22. h4 Rxe2 23. Ra4 Rbb2 24. Rf4 Rxa2 25. Rxa2 Rxa2 26. Bc6 f5
27. Kf1 Kf8 28. Ke1 Ke7 29. Rd4 Ra1+ 30. Kd2 Ra2+ 31. Ke3 Kf6 32. f3 h5 33. f4
Ra3+ 34. Kf2 1/2-1/2

[Event "XXIII Festival A"]
[Site "Porto San Giorgio ITA"]
[Date "2011.08.28"]
[Round "9"]
[White "Gensabella, Paolo"]
[Black "Marinone, Lucio"]
[Result "1-0"]
[WhiteElo "1906"]
[BlackElo "2002"]
[PlyCount "103"]
[EventDate "2011.08.21"]

1. d4 Nf6 2. Nf3 g6 3. g3 Bg7 4. Bg2 c5 5. O-O cxd4 6. Nxd4 O-O 7. c3 Nc6 8. e4
Qb6 9. Na3 d6 10. Nc4 Qc5 11. Qd3 Qh5 12. Qd1 Bg4 13. f3 Bh3 14. Be3 Bh6 15.
Bxh6 Qxh6 16. Qe2 Rfd8 17. Ne3 Bxg2 18. Kxg2 Qh5 19. Rad1 Rac8 20. Nxc6 bxc6
21. Rfe1 Rc7 22. Qc4 Rb8 23. b3 Qa5 24. Re2 Rb5 25. Qd3 Qa6 26. e5 Ne8 27. exd6
Nxd6 28. Red2 Qc8 29. c4 Rh5 30. h4 a5 31. Qd4 a4 32. Qg4 Re5 33. Qxc8+ Rxc8
34. Ng4 Re6 35. Kf2 axb3 36. axb3 h5 37. Ne3 Re5 38. Ra1 Rb8 39. Ra3 Kf8 40.
Rda2 Ke8 41. Ra8 Rxa8 42. Rxa8+ Kd7 43. b4 Nf5 44. Nxf5 Rxf5 45. Ke3 Kd6 46.
Rd8+ Kc7 47. Rd3 f6 48. f4 e5 49. Ke4 Kc8 50. Ra3 exf4 51. gxf4 Kc7 52. Rg3 1-0

[Event "XXIII Festival A"]
[Site "Porto San Giorgio ITA"]
[Date "2011.08.28"]
[Round "9"]
[White "Giampieri, Stefano"]
[Black "Marsili, Riccardo"]
[Result "0-1"]
[WhiteElo "1847"]
[BlackElo "1962"]
[PlyCount "25"]
[EventDate "2011.08.21"]

1. d4 Nf6 2. c4 c5 3. d5 e5 4. Nc3 d6 5. Bg5 Be7 6. Qd2 O-O 7. e4 h6 8. Bxf6
Bxf6 9. Bd3 Bd7 10. Nge2 Na6 11. a3 Nc7 12. O-O a6 13. Ng3 {...} 0-1

[Event "XXIII Festival A"]
[Site "Porto San Giorgio ITA"]
[Date "2011.08.28"]
[Round "9"]
[White "Gilevych, Artem"]
[Black "Dvirnyy, Danyyil"]
[Result "0-1"]
[WhiteElo "2264"]
[BlackElo "2436"]
[PlyCount "78"]
[EventDate "2011.08.21"]

1. d4 Nf6 2. Nf3 g6 3. c4 Bg7 4. Nc3 d5 5. Bg5 Ne4 6. cxd5 Nxg5 7. Nxg5 e6 8.
Nf3 exd5 9. e3 O-O 10. Be2 c6 11. O-O Qe7 12. Rc1 Nd7 13. Na4 f5 14. Qd2 Nf6
15. a3 Re8 16. Rfe1 Ne4 17. Qb4 Qf6 18. Nc5 Nxc5 19. Qxc5 f4 20. exf4 Qxf4 21.
g3 Qf7 22. Qc3 Qf6 23. Ne5 Rf8 24. Qe3 Bh3 25. g4 Bh6 26. Qg3 Bf4 27. Nd7 Qf7
28. Qxh3 Bxc1 29. Nxf8 Rxf8 30. Rf1 Bxb2 31. f4 Bxd4+ 32. Kh1 Qe7 33. Bf3 Kh8
34. f5 gxf5 35. gxf5 Qg5 36. Bh5 Kg7 37. Qd3 c5 38. Bd1 Kh8 39. Bc2 Rg8 0-1

[Event "XXIII Festival A"]
[Site "Porto San Giorgio ITA"]
[Date "2011.08.28"]
[Round "9"]
[White "Korneev, Oleg"]
[Black "Saptarshi, Roy"]
[Result "1/2-1/2"]
[WhiteElo "2588"]
[BlackElo "2385"]
[PlyCount "24"]
[EventDate "2011.08.21"]

1. e4 e5 2. Nf3 Nf6 3. d4 Nxe4 4. dxe5 d5 5. Nbd2 Nc5 6. Nb3 Ne6 7. Nbd4 Nxd4
8. Qxd4 Bf5 9. Qa4+ c6 10. Bd3 Bxd3 11. cxd3 Na6 12. O-O Nc5 1/2-1/2

[Event "XXIII Festival A"]
[Site "Porto San Giorgio ITA"]
[Date "2011.08.28"]
[Round "9"]
[White "Lapenna, Antonio"]
[Black "Rago, Riccardo"]
[Result "1-0"]
[WhiteElo "2150"]
[BlackElo "2065"]
[PlyCount "83"]
[EventDate "2011.08.21"]

1. d4 e6 2. Nf3 d5 3. g3 Nf6 4. Bg2 c5 5. O-O Nc6 6. b3 cxd4 7. Nxd4 Be7 8. Bb2
O-O 9. Nd2 Nxd4 10. Bxd4 b6 11. e4 Bb7 12. Qe2 dxe4 13. Bb2 Qc7 14. Nxe4 Nxe4
15. Bxe4 Bxe4 16. Qxe4 Rfd8 17. Rad1 Rac8 18. c4 h6 19. Qg4 Bf8 20. Bf6 Rxd1
21. Rxd1 Kh7 22. Qe4+ Kg8 23. Be5 Qe7 24. Qe3 f6 25. Bb2 Rc7 26. Kg2 Qc5 27.
Qe4 Kf7 28. Bc1 Be7 29. Bf4 Qc6 30. Qxc6 Rxc6 31. Rd7 a6 32. Ra7 b5 33. cxb5
axb5 34. a4 bxa4 35. bxa4 e5 36. Be3 Ke6 37. a5 g5 38. g4 Bd8 39. Ra8 Bc7 40.
a6 Kd7 41. a7 Ra6 42. Rb8 1-0

[Event "XXIII Festival A"]
[Site "Porto San Giorgio ITA"]
[Date "2011.08.28"]
[Round "9"]
[White "Lapenna, Michelangelo"]
[Black "Pepe, Mario"]
[Result "1/2-1/2"]
[WhiteElo "1888"]
[BlackElo "1999"]
[PlyCount "31"]
[EventDate "2011.08.21"]

1. d4 Nf6 2. Nf3 d5 3. c4 c6 4. cxd5 cxd5 5. g3 Nc6 6. Bg2 Bg4 7. Nc3 e6 8. O-O
Qb6 9. Na4 Qa5 10. Bd2 Bb4 11. Bxb4 Qxb4 12. a3 Qd6 13. Rc1 O-O 14. h3 Bf5 15.
Nh4 Be4 16. Nc3 1/2-1/2

[Event "XXIII Festival A"]
[Site "Porto San Giorgio ITA"]
[Date "2011.08.28"]
[Round "9"]
[White "Madiai, Federico"]
[Black "Mastroddi, Emiliano"]
[Result "1/2-1/2"]
[WhiteElo "2195"]
[BlackElo "2083"]
[PlyCount "120"]
[EventDate "2011.08.21"]

1. c4 Nf6 2. d4 g6 3. f3 Bg7 4. e4 d6 5. Nc3 O-O 6. Be3 c6 7. Qd2 a6 8. Bd3 b5
9. b3 Nbd7 10. Nge2 bxc4 11. bxc4 Qc7 12. O-O c5 13. Nd5 Nxd5 14. cxd5 c4 15.
Rfc1 Nb6 16. Qa5 Bd7 17. Rxc4 Qxc4 18. Bxc4 Nxc4 19. Qc3 Nxe3 20. Qxe3 Rfc8 21.
Rc1 Bb5 22. Kf2 Bxe2 23. Kxe2 Rxc1 24. Qxc1 Bxd4 25. Qc7 Ra7 26. Qb8+ Kg7 27.
Kd3 Bc5 28. a4 h5 29. f4 f6 30. h4 Bf2 31. f5 gxf5 32. exf5 a5 33. Kc4 Bc5 34.
Kb5 Bf2 35. Qe8 Bxh4 36. Qxh5 Bf2 37. g4 Bc5 38. Qg6+ Kf8 39. g5 fxg5 40. Qxg5
Kf7 41. Kc6 Bd4 42. Qg6+ Kf8 43. Qg4 Bc5 44. Kb5 Kf7 45. Qg6+ Kf8 46. Qh6+ Kf7
47. Qe6+ Kf8 48. Kc4 Kg7 49. Kd3 Rb7 50. Qg6+ Kf8 51. f6 exf6 52. Qxf6+ Ke8 53.
Qh8+ Kd7 54. Qa8 Ra7 55. Qc6+ Ke7 56. Ke4 Bb4 57. Kf5 Kd8 58. Qb6+ Rc7 59. Ke6
Kc8 60. Qa6+ Kb8 1/2-1/2

[Event "XXIII Festival A"]
[Site "Porto San Giorgio ITA"]
[Date "2011.08.28"]
[Round "9"]
[White "Maltempi, Angelo"]
[Black "Ramundi, Lorenzo"]
[Result "1-0"]
[WhiteElo "1847"]
[BlackElo "1617"]
[PlyCount "37"]
[EventDate "2011.08.21"]

1. c4 e5 2. g3 g6 3. Nc3 Bg7 4. Bg2 Nc6 5. e4 Nge7 6. Nge2 d6 7. d3 O-O 8. O-O
Be6 9. Rb1 Qd7 10. Nd5 Rac8 11. b4 b6 12. b5 Na5 13. Bd2 Nb7 14. Bc3 Nc5 15. d4
Nb7 16. f4 Bg4 17. fxe5 dxe5 18. dxe5 c6 19. Nf6+ 1-0

[Event "XXIII Festival A"]
[Site "Porto San Giorgio ITA"]
[Date "2011.08.28"]
[Round "9"]
[White "Marcugini, Stefano"]
[Black "Paniga, Danilo"]
[Result "0-1"]
[WhiteElo "1824"]
[BlackElo "1858"]
[PlyCount "38"]
[EventDate "2011.08.21"]

1. e4 d6 2. d4 Nf6 3. Nc3 c6 4. h3 e5 5. dxe5 dxe5 6. Qxd8+ Kxd8 7. Bg5 Be6 8.
O-O-O+ Kc7 9. Nf3 Nbd7 10. Be2 Bb4 11. a3 Bxc3 12. bxc3 Nxe4 13. Rhf1 Nxc3 14.
Rd2 f6 15. Be3 Nd5 16. Rfd1 Nxe3 17. fxe3 c5 18. c4 Rad8 19. Bd3 Nb6 0-1

[Event "XXIII Festival A"]
[Site "Porto San Giorgio ITA"]
[Date "2011.08.28"]
[Round "9"]
[White "Martinez, Rolly"]
[Black "Prohaszka, Peter"]
[Result "1/2-1/2"]
[WhiteElo "2419"]
[BlackElo "2547"]
[PlyCount "38"]
[EventDate "2011.08.21"]

1. e4 c6 2. d4 d5 3. exd5 cxd5 4. c4 Nf6 5. Nc3 g6 6. Qb3 Bg7 7. cxd5 O-O 8.
Be2 Nbd7 9. Bf3 Nb6 10. Nge2 Bg4 11. Bxg4 Nxg4 12. a4 a5 13. O-O Nf6 14. Nf4
Qd6 15. Nb5 Qd7 16. Nc3 Qd6 17. Nb5 Qd7 18. Nc3 Qd6 19. Nb5 Qd7 1/2-1/2

[Event "XXIII Festival A"]
[Site "Porto San Giorgio ITA"]
[Date "2011.08.28"]
[Round "9"]
[White "Mazzarella, Antonio"]
[Black "Panjkovic, Aleksandar"]
[Result "0-1"]
[WhiteElo "2028"]
[BlackElo "2173"]
[PlyCount "120"]
[EventDate "2011.08.21"]

1. e4 d6 2. d4 Nf6 3. Nc3 g6 4. Be3 c6 5. Qd2 b5 6. a3 Bb7 7. f3 Nbd7 8. Be2
Nb6 9. b3 Qc7 10. Nh3 a6 11. Nf2 c5 12. d5 e6 13. dxe6 fxe6 14. O-O O-O-O 15.
b4 d5 16. exd5 cxb4 17. Nce4 Nfxd5 18. Bg5 Rd7 19. axb4 Nxb4 20. Qc1 N4d5 21.
Rd1 h6 22. Bh4 g5 23. Bg3 Nf4 24. Bf1 Bg7 25. Rxd7 Nxd7 26. Rb1 Nb6 27. c4 bxc4
28. Bxc4 Nxc4 29. Qxc4 Qxc4 30. Nd6+ Kc7 31. Nxc4 Bd4 32. Kf1 Bc6 33. Rc1 Bb5
34. Ke1 Kb7 35. Nd6+ Kb6 36. Bxf4 gxf4 37. Nxb5 axb5 38. Ne4 Ra8 39. Rc2 b4 40.
Nd2 Bc3 41. Ke2 Kb5 42. Ne4 Kc4 43. Nd2+ Kd4 44. Nb3+ Kd5 45. Kd3 Ra3 46. Nd2
Bxd2+ 47. Kxd2 Kd4 48. Rc6 Ra2+ 49. Kc1 Rxg2 50. Rxe6 Rxh2 51. Rd6+ Ke3 52. Rb6
Kxf3 53. Rxb4 Kg3 54. Rb6 h5 55. Kd1 h4 56. Ke1 h3 57. Rg6+ Kf3 58. Ra6 Rb2 59.
Ra3+ Kg2 60. Ra8 h2 0-1

[Event "XXIII Festival A"]
[Site "Porto San Giorgio ITA"]
[Date "2011.08.28"]
[Round "9"]
[White "Mazzarini, Daniele"]
[Black "Bondielli, Giorgio"]
[Result "1-0"]
[WhiteElo "1813"]
[BlackElo "1885"]
[PlyCount "91"]
[EventDate "2011.08.21"]

1. d4 f5 2. c4 Nf6 3. g3 g6 4. Bg2 Bg7 5. Nc3 O-O 6. e4 d6 7. exf5 gxf5 8. Nf3
c6 9. O-O Na6 10. Re1 Nc7 11. Qd3 e6 12. Bg5 Qe8 13. Bf4 Qd8 14. Rad1 Nh5 15.
Bg5 Bf6 16. Bh4 Bxh4 17. Nxh4 Nf4 18. gxf4 Qxh4 19. Qg3+ Qxg3 20. fxg3 Bd7 21.
b4 Rac8 22. a4 a6 23. a5 Rb8 24. Na4 Na8 25. Nb6 Nxb6 26. axb6 Rfe8 27. Bf3 d5
28. c5 Rf8 29. Kf2 Kf7 30. Ke3 Kf6 31. h3 Rg8 32. g4 h6 33. Rg1 Rg7 34. Rg2
Rbg8 35. Rdg1 Be8 36. gxf5 Rxg2 37. Rxg2 Rxg2 38. Bxg2 exf5 39. Bf1 Bd7 40.
Bxa6 Bc8 41. Be2 Bd7 42. Kf3 Kg6 43. Kg3 Bc8 44. Kh4 Bd7 45. Ba6 Bc8 46. b5 1-0

[Event "XXIII Festival A"]
[Site "Porto San Giorgio ITA"]
[Date "2011.08.28"]
[Round "9"]
[White "Miandro, Steven"]
[Black "Viviani, Alessio"]
[Result "1-0"]
[WhiteElo "1834"]
[BlackElo "1958"]
[PlyCount "73"]
[EventDate "2011.08.21"]

1. d4 Nf6 2. c4 g6 3. Nc3 Bg7 4. e4 d6 5. f3 O-O 6. Be3 e5 7. d5 c6 8. Qd2 cxd5
9. cxd5 a6 10. O-O-O b5 11. Kb1 Nbd7 12. Rc1 Nb6 13. Bd3 Nfd7 14. g4 Nc5 15. b3
Rb8 16. Nge2 Nc4 17. bxc4 bxc4+ 18. Ka1 Nxd3 19. Rb1 Rxb1+ 20. Rxb1 f5 21. Bb6
Qe7 22. gxf5 gxf5 23. Nc1 fxe4 24. fxe4 Nf4 25. Rb4 Qh4 26. Rxc4 Bh6 27. Be3
Kh8 28. Rc6 Rg8 29. Na4 Bd7 30. Rxa6 Qh3 31. Nb6 Qf3 32. Nxd7 Rg2 33. Ra8+ Kg7
34. Qe1 Rxh2 35. Ra7 Kg6 36. Ra6 Rh1 37. Nxe5+ 1-0

[Event "XXIII Festival A"]
[Site "Porto San Giorgio ITA"]
[Date "2011.08.28"]
[Round "9"]
[White "Mogranzini, Roberto"]
[Black "Malloni, Marcello"]
[Result "1/2-1/2"]
[WhiteElo "2433"]
[BlackElo "2293"]
[PlyCount "71"]
[EventDate "2011.08.21"]

1. c4 e5 2. g3 Nf6 3. Bg2 Nc6 4. Nc3 Bc5 5. Nf3 d6 6. O-O a6 7. d3 h6 8. a3 O-O
9. b4 Ba7 10. Bb2 Be6 11. Rc1 Qd7 12. e3 Rfe8 13. Re1 Rab8 14. Qc2 Ne7 15. c5
Nc6 16. d4 exd4 17. exd4 Ne7 18. Nd2 Ned5 19. Nce4 Nxe4 20. Nxe4 Ne7 21. Nd2 d5
22. a4 c6 23. Bf1 Bf5 24. Qb3 Ng6 25. b5 axb5 26. axb5 Rbd8 27. Bc3 Nf8 28. Ra1
Bb8 29. Rxe8 Rxe8 30. Ra8 Bc7 31. Ra7 Qc8 32. bxc6 bxc6 33. Qb7 Qxb7 34. Rxb7
Ne6 35. Ra7 Bd8 36. Nb3 1/2-1/2

[Event "XXIII Festival A"]
[Site "Porto San Giorgio ITA"]
[Date "2011.08.28"]
[Round "9"]
[White "Morello, Guido"]
[Black "Barberi, Alessandro"]
[Result "1-0"]
[WhiteElo "1942"]
[BlackElo "2062"]
[PlyCount "53"]
[EventDate "2011.08.21"]

1. e4 g6 2. d4 Bg7 3. Nc3 c5 4. dxc5 Qa5 5. Bd2 Qxc5 6. Nd5 e6 7. Bb4 Qc6 8.
Bb5 exd5 9. Bxc6 Nxc6 10. Ba3 dxe4 11. f3 b5 12. Qd5 Nf6 13. Qxb5 Rb8 14. Qa4
Bf8 15. fxe4 Bxa3 16. Qxa3 Nxe4 17. O-O-O f5 18. Nf3 Kf7 19. Qe3 Re8 20. Qh6
Kg8 21. Ng5 Re7 22. Nxe4 fxe4 23. h4 Ba6 24. h5 Be2 25. Rd5 Bxh5 26. Rhxh5 gxh5
27. Rg5+ 1-0